000 01119nam a2200289 a 4500
003 CHAP
005 20220329143642.0
008 101118s2008 mx 00010 spa d
010 _a99864
011 _a100836
035 _a111522
040 _cCHAP
090 _aCD - 275
110 0 _aAsociación Nacional de Universidades e Instituciones de Educación Superior. México
_98094
245 1 0 _aCatálogo de licenciatura universitaria y tecnológica y posgrado en IES afiliadas a la ANUIES 2008 [Disco compacto]
_c/por Asociación Nacional de Universidades e Instituciones de Educación Superior
260 _a[México, D.F.] :
_bANUIES,
_c[2008]
300 _a1 disco compacto ;
_c4 3/4 plgs.
590 _aBATCH-UPD
_b10
_c20130110
_lUCH01
_h1210
590 _aBATCH-UPD
_b10
_c20130410
_lUCH01
_h0749
590 _aBATCH-UPD
_b10
_c20130914
_lUCH01
_h1247
590 _aCONVERSION
_b10
_c20130109
_lUCH01
_h1355
650 0 4 _aEducación superior
_xPlanes de estudio.
_935650
650 0 4 _aEducacion superior
_zMéxico.
_935406
901 _aBK
942 _cCD
949 _aCD-275
_bBC
_cCD
_d33724002222132
_eCD
_i111522
_sb
999 _c99864
_d99864